[Event "Excelsior March 50+"]
[Site "Toronto CAN"]
[Date "2023.03.05"]
[Round "5.3"]
[White "Brajkovic, Nikola"]
[Black "Momic, Jovan"]
[Result "0-1"]
[WhiteElo "1760"]
[BlackElo "1628"]
[PlyCount "96"]
[EventDate "2023.03.03"]
[EventType "swiss"]
[EventRounds "5"]
[EventCountry "CAN"]

1. e4 d6 2. Nf3 Nf6 3. Nc3 c6 4. h3 g6 5. d4 Bg7 6. Be3 b5 7. a3 O-O 8. Bd3
Nbd7 9. O-O Qc7 10. Qd2 e5 11. d5 a6 12. dxc6 Qxc6 13. Rfe1 Bb7 14. Bg5 Nc5 15.
Rad1 Ne6 16. Bxf6 Bxf6 17. Nd5 Bd8 18. c3 Nc5 19. Bc2 Qd7 20. b4 Ne6 21. Nxe5
Qc8 22. Ng4 Bxd5 23. exd5 Bg5 24. Qd3 Nf4 25. Qf3 f5 26. Nh2 Qd7 27. Rd4 Nh5
28. Bb3 Rac8 29. Qd3 Bf6 30. Nf3 Rfe8 31. Re6 Bxd4 32. Qxd4 Ng7 33. Rxe8+ Qxe8
34. Ng5 Qe1+ 35. Kh2 Qxc3 36. Qd1 Qc1 37. Ne6 Qxd1 38. Bxd1 Rc1 39. Be2 Nxe6
40. dxe6 Kf8 41. Bf3 Rc3 42. Bb7 Rxa3 43. Bc8 a5 44. bxa5 Rxa5 45. Kg3 b4 46.
Kf4 h6 47. g4 b3 48. gxf5 gxf5 0-1

[Event "Excelsior March 50+"]
[Site "Toronto CAN"]
[Date "2023.03.05"]
[Round "5.4"]
[White "Upper, John"]
[Black "Ganea, Mihai"]
[Result "1-0"]
[WhiteElo "1777"]
[BlackElo "1938"]
[PlyCount "149"]
[EventDate "2023.03.03"]
[EventType "swiss"]
[EventRounds "5"]
[EventCountry "CAN"]

1. c4 e6 2. Nf3 Nf6 3. Nc3 Bb4 4. Qc2 O-O 5. a3 Bxc3 6. Qxc3 b6 7. e3 Bb7 8.
Be2 d6 9. b4 Nbd7 10. Bb2 e5 11. d3 Qe7 12. O-O Ne8 13. Rac1 f6 14. d4 e4 15.
Nd2 c5 16. f3 f5 17. fxe4 fxe4 18. Rxf8+ Kxf8 19. Rf1+ Kg8 20. d5 Nef6 21. Rf4
Ne5 22. Nxe4 Nxe4 23. Rxe4 Re8 24. bxc5 bxc5 25. Bg4 Bc8 26. Bxc8 Rxc8 27. Qc2
Qg5 28. Bxe5 dxe5 29. Qc3 Re8 30. d6 Qf5 31. Qd3 Qe6 32. Qd5 Qxd5 33. cxd5 Rd8
34. Rxe5 Rxd6 35. e4 Kf7 36. Kf2 Ra6 37. Rf5+ Ke7 38. Rf3 Kd6 39. Rc3 Ke5 40.
Ke3 Ra4 41. Rxc5 Rxa3+ 42. Kf2 Kxe4 43. Rc7 g6 44. d6 Rd3 45. Rxa7 Rxd6 46.
Rxh7 Kf5 47. Ra7 Rd2+ 48. Kf3 Rd3+ 49. Ke2 Rb3 50. Ra5+ Kf6 51. h4 Rc3 52. Kf2
Rb3 53. Kg1 Rb4 54. g3 Rb2 55. Ra1 Rc2 56. Rf1+ Kg7 57. Rf2 Rc3 58. Kg2 Ra3 59.
Rf3 Ra4 60. Kh3 Rb4 61. Ra3 Rb7 62. Ra4 Rc7 63. Kg4 Rb7 64. Ra5 Rb3 65. Kf4 Rb6
66. Kg5 Rc6 67. Ra7+ Kf8 68. Kh6 Rb6 69. Kh7 Rf6 70. Rg7 Rf7 71. Rxf7+ Kxf7 72.
Kh6 Kf6 73. g4 g5 74. hxg5+ Kf7 75. Kh7 1-0

[Event "Excelsior March 50+"]
[Site "Toronto CAN"]
[Date "2023.03.05"]
[Round "5.5"]
[White "Nazareno, Merlin"]
[Black "Ugodnikov, Arkadiy"]
[Result "1-0"]
[WhiteElo "1877"]
[BlackElo "1607"]
[PlyCount "103"]
[EventDate "2023.03.03"]
[EventType "swiss"]
[EventRounds "5"]
[EventCountry "CAN"]

1. d4 Nf6 2. Nc3 d5 3. e4 dxe4 4. Bg5 c6 5. Bxf6 exf6 6. Nxe4 Bf5 7. Ng3 Bg6 8.
Bc4 Be7 9. N1e2 h6 10. f4 f5 11. c3 O-O 12. Qc2 Qd7 13. h4 Re8 14. O-O-O Na6
15. Kb1 b5 16. Bd3 Bf8 17. h5 Bh7 18. Nxf5 Bxf5 19. Bxf5 Qd5 20. g4 Re3 21. Bd3
Rae8 22. g5 Nc7 23. gxh6 gxh6 24. Rdg1+ Kh8 25. Ng3 Ne6 26. Nf5 Rxd3 27. Qxd3
Nxf4 28. Qc2 Re2 29. Ne3 Qe6 30. Qf5 Rxe3 31. Qxe6 Nxe6 32. Rf1 Ng5 33. Rf6 Re6
34. Rhf1 Kg7 35. R6f5 Be7 36. d5 cxd5 37. Rxd5 a6 38. Rd7 Bf6 39. Rfd1 Ne4 40.
Rg1+ Bg5 41. Kc2 Rd6 42. Rd1 Rxd1 43. Rxd1 Nc5 44. Rd6 Be7 45. Rc6 Bf8 46. b4
Ne4 47. Rxa6 Ng3 48. Rb6 Nxh5 49. Rxb5 Kg6 50. a4 Nf6 51. a5 h5 52. a6 1-0

[Event "Excelsior March 50+"]
[Site "Toronto CAN"]
[Date "2023.03.05"]
[Round "5.6"]
[White "Oancea, Nicolae"]
[Black "Jung, Hans"]
[Result "0-1"]
[WhiteElo "1939"]
[BlackElo "2195"]
[PlyCount "78"]
[EventDate "2023.03.03"]
[EventType "swiss"]
[EventRounds "5"]
[EventCountry "CAN"]

1. e4 c5 2. Nf3 d6 3. c3 Nf6 4. Bd3 g6 5. Bc2 Bg7 6. d4 cxd4 7. cxd4 O-O 8. O-O
Nc6 9. Nc3 Bg4 10. Be3 Nd7 11. Ne2 Bxf3 12. gxf3 e5 13. d5 Ne7 14. f4 exf4 15.
Nxf4 Ne5 16. Rb1 Qd7 17. Qe2 Rac8 18. Rfc1 Nc4 19. Bb3 Nxe3 20. fxe3 Be5 21.
Rc4 Rxc4 22. Bxc4 a6 23. Rf1 Kg7 24. Qg2 Ng8 25. Be2 Nf6 26. Nd3 Re8 27. Qf3
Nxe4 28. Nxe5 Rxe5 29. Bd3 f5 30. Bxe4 Rxe4 31. Rc1 Qe7 32. Kf2 Kf6 33. Qh3 h5
34. Rc3 Qe5 35. Ke2 Qxd5 36. Qg3 Rg4 37. Rd3 Qxd3+ 38. Kxd3 Rxg3 39. hxg3 Kg5
0-1

[Event "Excelsior March FIDE Rating Ladder"]
[Site "Toronto CAN"]
[Date "2023.03.25"]
[Round "1.1"]
[White "Chen, Larry Zhou"]
[Black "Oancea, Nicolae"]
[Result "0-1"]
[WhiteElo "1112"]
[BlackElo "1989"]
[PlyCount "56"]
[EventDate "2023.03.25"]
[EventType "swiss"]
[EventRounds "5"]
[EventCountry "CAN"]

1. Nf3 d5 2. d4 Nf6 3. c4 c6 4. Nc3 g6 5. g3 Bg7 6. Bg2 Na6 7. cxd5 cxd5 8. O-O
Nc7 9. Qb3 O-O 10. Bd2 b5 11. Ne1 a5 12. Nd3 b4 13. Na4 Nb5 14. e3 Nd6 15. f3
Nc4 16. Qc2 Bf5 17. g4 Bd7 18. Nac5 Bb5 19. Rfe1 Nd7 20. Bc1 Nxc5 21. Nxc5 e5
22. b3 Qh4 23. Rd1 Na3 24. Bxa3 bxa3 25. Qc1 exd4 26. exd4 Rfe8 27. Qxa3 Re2
28. Nd3 Bxd3 0-1

[Event "Excelsior March FIDE Rating Ladder"]
[Site "Toronto CAN"]
[Date "2023.03.25"]
[Round "1.2"]
[White "Bond, Hal"]
[Black "Valavan, Aaryan"]
[Result "1/2-1/2"]
[WhiteElo "1706"]
[BlackElo "892"]
[PlyCount "142"]
[EventDate "2023.03.25"]
[EventType "swiss"]
[EventRounds "5"]
[EventCountry "CAN"]

1. e4 e6 2. d4 d5 3. exd5 exd5 4. Bf4 Nf6 5. Bd3 Be6 6. Nf3 Bd6 7. Qd2 O-O 8.
O-O c6 9. Nc3 Qc7 10. Bxd6 Qxd6 11. Rfe1 Nbd7 12. Qg5 h6 13. Qh4 c5 14. Nb5 Qb6
15. dxc5 Nxc5 16. Nbd4 Bg4 17. Bf5 Bxf5 18. Nxf5 Nce4 19. Ne7+ Kh8 20. Nxd5
Nxd5 21. Qxe4 Nf6 22. Qd4 Rfd8 23. Qxb6 axb6 24. a3 Re8 25. Ne5 Kg8 26. Nc4
Rxe1+ 27. Rxe1 Rc8 28. b3 b5 29. Ne3 Rc3 30. Rd1 g6 31. Rd8+ Kg7 32. Rb8 Rc7
33. Kf1 Ne4 34. Ke2 Nc5 35. Rd8 Ne6 36. Rd6 Rc6 37. Rxc6 bxc6 38. a4 Kf8 39. a5
Ke7 40. g3 Kd6 41. b4 c5 42. c3 cxb4 43. cxb4 Nd4+ 44. Kd3 Nc6 45. Kc3 Nd8 46.
Nc2 Ne6 47. Nd4 Nc7 48. f4 Nd5+ 49. Kb3 Nc7 50. g4 Kd5 51. Kc3 Kd6 52. f5 Kd5
53. fxg6 fxg6 54. Kd3 Ke5 55. Nc6+ Kd6 56. Nb8 Nd5 57. a6 Kc7 58. a7 Nxb4+ 59.
Kc3 Nd5+ 60. Kd4 Nb6 61. Kc5 Kb7 62. Nc6 b4 63. Nxb4 Kxa7 64. Kd6 Nc4+ 65. Ke6
Ne3 66. h3 Ng2 67. Nd3 g5 68. Kf5 Kb6 69. Kg6 Nf4+ 70. Kxh6 Nxh3 71. Ne5 Nf2
1/2-1/2

[Event "Excelsior March FIDE Rating Ladder"]
[Site "Toronto CAN"]
[Date "2023.03.25"]
[Round "1.3"]
[White "Surendran, Siddharth"]
[Black "Chen, Sam"]
[Result "0-1"]
[WhiteElo "862"]
[BlackElo "1375"]
[PlyCount "70"]
[EventDate "2023.03.25"]
[EventType "swiss"]
[EventRounds "5"]
[EventCountry "CAN"]

1. e4 e5 2. Nf3 Nc6 3. d4 exd4 4. Bc4 Nf6 5. e5 d5 6. Bb5 Ne4 7. Nxd4 Bd7 8.
Bxc6 Bxc6 9. Nxc6 bxc6 10. O-O Bc5 11. Nd2 Nxd2 12. Bxd2 O-O 13. Kh1 Qh4 14. f4
Rfe8 15. Rf3 f6 16. Be1 Qh6 17. Bg3 fxe5 18. fxe5 Qg6 19. c3 Rad8 20. b4 Bb6
21. Qb3 Rf8 22. Rxf8+ Rxf8 23. c4 Qf7 24. Qf3 dxc4 25. Qxf7+ Rxf7 26. Re1 Kf8
27. e6 Rf5 28. e7+ Ke8 29. h3 c3 30. Be5 Rxe5 31. Rxe5 c2 32. Re1 Be3 33. g4
c1=Q 34. Rxc1 Bxc1 35. Kg2 Kxe7 0-1

[Event "Excelsior March FIDE Rating Ladder"]
[Site "Toronto CAN"]
[Date "2023.03.25"]
[Round "2.1"]
[White "Oancea, Nicolae"]
[Black "Yusuf, Atiba"]
[Result "1-0"]
[WhiteElo "1989"]
[BlackElo "1196"]
[PlyCount "105"]
[EventDate "2023.03.25"]
[EventType "swiss"]
[EventRounds "5"]
[EventCountry "CAN"]

1. e4 d5 2. exd5 Qxd5 3. Nc3 Qd6 4. d4 a6 5. g3 Nf6 6. Bg2 e6 7. Bf4 Qb6 8.
Nge2 Bd6 9. Na4 Qa5+ 10. c3 Bxf4 11. Nxf4 Nbd7 12. O-O Rb8 13. b4 Qb5 14. Qb3
Qf5 15. Bh3 Qg5 16. Rfe1 O-O 17. Bxe6 fxe6 18. Nxe6 Qd5 19. c4 Qh5 20. Nxf8
Nxf8 21. c5+ Qf7 22. Re7 Qxb3 23. axb3 Nd5 24. Re8 Kf7 25. Rae1 Ng6 26. h4 Nge7
27. Nc3 Kxe8 28. Nxd5 Kf8 29. Nxe7 Bg4 30. Re4 Bd7 31. Nd5 Rc8 32. Re5 Bc6 33.
Ne7 Rb8 34. Nxc6 bxc6 35. Re6 Rxb4 36. Rxc6 Rxd4 37. Rxc7 Rb4 38. Ra7 Rxb3 39.
Rxa6 Rb7 40. c6 Rc7 41. Rb6 Ke8 42. Kg2 Ke7 43. Kf3 Kd6 44. Kg4 Rxc6 45. Rxc6+
Kxc6 46. Kf5 Kd6 47. h5 Ke7 48. Kg5 Ke6 49. f4 Kf7 50. Kf5 Ke7 51. Ke5 Kf7 52.
g4 g6 53. f5 1-0

[Event "Excelsior March FIDE Rating Ladder"]
[Site "Toronto CAN"]
[Date "2023.03.25"]
[Round "2.2"]
[White "Chen, Sam"]
[Black "Dave, Jashank"]
[Result "1/2-1/2"]
[WhiteElo "1375"]
[BlackElo "1132"]
[PlyCount "101"]
[EventDate "2023.03.25"]
[EventType "swiss"]
[EventRounds "5"]
[EventCountry "CAN"]

1. e4 e5 2. Nf3 Nc6 3. Bc4 Bc5 4. O-O h6 5. b4 Bxb4 6. c3 Be7 7. d4 d6 8. Qb3
Be6 9. Bxe6 fxe6 10. Qxe6 Nf6 11. dxe5 Nxe5 12. Nxe5 dxe5 13. Qxe5 O-O 14. Ba3
Re8 15. Qd4 Qxd4 16. cxd4 Bxa3 17. Nxa3 Rxe4 18. Rac1 c6 19. Rfd1 Rd8 20. Nc2
Nd5 21. Re1 Rxe1+ 22. Rxe1 Kf7 23. g3 Nc3 24. a3 Nb5 25. Re4 Re8 26. Rxe8 Kxe8
27. Kf1 Kd7 28. Ke2 Ke6 29. f4 h5 30. h3 Kf5 31. Kf3 g5 32. g4+ hxg4+ 33. hxg4+
Kf6 34. f5 b6 35. Ke3 Nd6 36. Kd3 a5 37. a4 b5 38. axb5 cxb5 39. Na3 b4 40. Nc4
Nb5 41. Nxa5 Nc3 42. Nc6 Nd5 43. Ne5 b3 44. Nc4 Ke7 45. Nd2 b2 46. Kc2 Ne3+ 47.
Kxb2 Nxg4 48. Ne4 Ne3 49. Nxg5 Nxf5 50. Kc3 Nxd4 51. Kxd4 1/2-1/2

[Event "Excelsior March FIDE Rating Ladder"]
[Site "Toronto CAN"]
[Date "2023.03.25"]
[Round "2.4"]
[White "Valavan, Aaryan"]
[Black "Chen, Larry Zhou"]
[Result "0-1"]
[WhiteElo "892"]
[BlackElo "1112"]
[PlyCount "52"]
[EventDate "2023.03.25"]
[EventType "swiss"]
[EventRounds "5"]
[EventCountry "CAN"]

1. e4 c6 2. Nf3 d5 3. exd5 cxd5 4. d4 Nc6 5. c3 Nf6 6. Bd3 Bg4 7. Bf4 e6 8. O-O
Bd6 9. Bxd6 Qxd6 10. Nbd2 O-O 11. Re1 a6 12. Qc2 Rac8 13. Rac1 b5 14. Ne5 Nxd4
15. Qb1 Nc6 16. Nxg4 Nxg4 17. Bxh7+ Kh8 18. g3 g6 19. Bxg6 fxg6 20. Qxg6 Nce5
21. Qh5+ Kg8 22. h3 Rf5 23. Qh4 Nxf2 24. g4 Ng6 25. Qh6 Qg3+ 26. Kf1 Nxg4+ 0-1

[Event "Excelsior March FIDE Rating Ladder"]
[Site "Toronto CAN"]
[Date "2023.03.25"]
[Round "3.1"]
[White "Dave, Jashank"]
[Black "Oancea, Nicolae"]
[Result "0-1"]
[WhiteElo "1132"]
[BlackElo "1989"]
[PlyCount "126"]
[EventDate "2023.03.25"]
[EventType "swiss"]
[EventRounds "5"]
[EventCountry "CAN"]

1. e4 c5 2. Nc3 Nc6 3. g3 g6 4. Bg2 Bg7 5. d3 a6 6. Be3 d6 7. Qd2 Bd7 8. f4 Nd4
9. Nf3 e5 10. h3 Ne7 11. Nd5 Nxd5 12. exd5 Qe7 13. c3 exf4 14. cxd4 fxe3 15.
Qe2 cxd4 16. O-O O-O 17. Rac1 Bb5 18. Rfd1 a5 19. Nd2 Bxd3 20. Qxd3 exd2 21.
Qxd2 Qe3+ 22. Qxe3 dxe3 23. Re1 Bxb2 24. Rb1 Bc3 25. Re2 Bb4 26. Kh2 Rfe8 27.
Rb3 Bc5 28. Rxb7 Reb8 29. Rd7 Ra7 30. Rxa7 Bxa7 31. g4 a4 32. Kg3 a3 33. Be4
Rb4 34. Kf3 Rb2 35. Rxb2 axb2 36. g5 Kg7 37. a4 h6 38. h4 hxg5 39. hxg5 f6 40.
gxf6+ Kxf6 41. a5 g5 42. Ke2 Ke5 43. Bb1 Kxd5 44. a6 Ke5 45. Kd3 g4 46. Ke2 Kf4
47. Kf1 Kf3 48. Ke1 Bb6 49. a7 Bxa7 50. Bd3 Kg2 51. Be4+ Kg1 52. Bb1 g3 53. Be4
g2 54. Bd3 Kh2 55. Ke2 g1=Q 56. Bc2 Qf2+ 57. Kd3 Qd2+ 58. Ke4 Qxc2+ 59. Kf3 e2
60. Kf4 e1=R 61. Kg5 Qf2 62. Kh5 Rg1 63. Kh6 Qh4# 0-1

[Event "Excelsior March FIDE Rating Ladder"]
[Site "Toronto CAN"]
[Date "2023.03.25"]
[Round "3.2"]
[White "Bond, Hal"]
[Black "Chen, Larry Zhou"]
[Result "0-1"]
[WhiteElo "1705"]
[BlackElo "1112"]
[PlyCount "68"]
[EventDate "2023.03.25"]
[EventType "swiss"]
[EventRounds "5"]
[EventCountry "CAN"]

1. e4 c6 2. d4 d5 3. e5 c5 4. c3 Nc6 5. Nf3 Bg4 6. Be3 cxd4 7. cxd4 Qb6 8. Qd2
e6 9. Be2 Nge7 10. O-O Nf5 11. Rd1 Be7 12. Nc3 O-O 13. h3 Bxf3 14. Bxf3 Nxe3
15. Qxe3 h6 16. Rab1 a5 17. a3 Rfe8 18. Bh5 Na7 19. Qf4 Rf8 20. Rd3 Qc7 21. Rg3
Bg5 22. Qg4 Qd7 23. f4 f5 24. exf6 Bxf6 25. Ne2 Nb5 26. Rd1 Rac8 27. Bg6 Nd6
28. Bd3 Kh8 29. Qg6 Nf5 30. Bxf5 exf5 31. Nc3 Qd6 32. Rf3 Bxd4+ 33. Rxd4 Qxg6
34. Nxd5 Rcd8 0-1

[Event "Excelsior March FIDE Rating Ladder"]
[Site "Toronto CAN"]
[Date "2023.03.25"]
[Round "3.3"]
[White "Yusuf, Atiba"]
[Black "Surendran, Siddharth"]
[Result "1-0"]
[WhiteElo "1196"]
[BlackElo "862"]
[PlyCount "85"]
[EventDate "2023.03.25"]
[EventType "swiss"]
[EventRounds "5"]
[EventCountry "CAN"]

1. e4 c5 2. c3 d5 3. exd5 Qxd5 4. Nf3 e6 5. d4 Nc6 6. Bb5 Bd7 7. O-O cxd4 8.
Bxc6 Bxc6 9. Qxd4 Nf6 10. Be3 Be7 11. c4 Qxd4 12. Nxd4 Ng4 13. Bd2 Bf6 14. Bc3
Rd8 15. Nxc6 bxc6 16. Bxf6 Nxf6 17. Nc3 Rd2 18. b3 O-O 19. Rfd1 Rfd8 20. Rxd2
Rxd2 21. Rd1 Ne4 22. Rxd2 Nxd2 23. f3 Kf8 24. Kf2 Ke7 25. Ke2 Nxf3 26. Kxf3 e5
27. g4 Ke6 28. Ke4 g6 29. g5 f5+ 30. gxf6 Kxf6 31. Na4 h5 32. Nc5 g5 33. Nd7+
Ke6 34. Nxe5 g4 35. Nxc6 h4 36. Nd4+ Kf6 37. Nf5 g3 38. hxg3 h3 39. g4 h2 40.
Ng3 Kg5 41. Kf3 Kf6 42. Nh1 Kg5 43. c5 1-0

[Event "Excelsior March FIDE Rating Ladder"]
[Site "Toronto CAN"]
[Date "2023.03.26"]
[Round "4.1"]
[White "Oancea, Nicolae"]
[Black "Chen, Sam"]
[Result "1-0"]
[WhiteElo "1989"]
[BlackElo "1375"]
[PlyCount "29"]
[EventDate "2023.03.25"]
[EventType "swiss"]
[EventRounds "5"]
[EventCountry "CAN"]

1. e4 e5 2. Nf3 Nc6 3. d4 exd4 4. Nxd4 Qh4 5. Nc3 Bb4 6. Be2 Qxe4 7. Ndb5 Bxc3+
8. bxc3 Kd8 9. O-O Nf6 10. Bd3 Qd5 11. Bf4 d6 12. c4 Qe6 13. Re1 Ne5 14. Bxe5
dxe5 15. Bf5+ 1-0

[Event "Excelsior March FIDE Rating Ladder"]
[Site "Toronto CAN"]
[Date "2023.03.26"]
[Round "4.2"]
[White "Chen, Larry Zhou"]
[Black "Yusuf, Atiba"]
[Result "0-1"]
[WhiteElo "1112"]
[BlackElo "1196"]
[PlyCount "104"]
[EventDate "2023.03.25"]
[EventType "swiss"]
[EventRounds "5"]
[EventCountry "CAN"]

1. Nf3 Nf6 2. g3 d5 3. d4 Bf5 4. c4 e6 5. Nc3 h6 6. Bg2 c6 7. O-O Be7 8. c5
Nbd7 9. Nh4 Bh7 10. f4 Ne4 11. Nf3 O-O 12. Nxe4 dxe4 13. Ne5 Nf6 14. e3 Nd5 15.
Qc2 f5 16. Bd2 a5 17. Nc4 a4 18. b3 axb3 19. Qxb3 Ra7 20. Nb6 Nc7 21. Rfb1 Bg6
22. Nc4 Nd5 23. Qc2 Bh5 24. Bc3 Be2 25. Qxe2 Nxc3 26. Qb2 Nxb1 27. Rxb1 Qd5 28.
Bf1 Bd8 29. a3 Bc7 30. Qc3 Rfa8 31. Be2 Qd8 32. Rb3 Qc8 33. Qb2 Rb8 34. Nd2 Kh7
35. Nb1 Qe8 36. Nc3 Qd7 37. Na2 Ba5 38. Qc2 b5 39. Qb1 Rba8 40. Qb2 Qd5 41. Bf1
Be1 42. Nc1 h5 43. Qe2 Ba5 44. Qxh5+ Kg8 45. Qe2 Bd8 46. Qb2 Bf6 47. Rc3 g5 48.
Bh3 gxf4 49. gxf4 Rg7+ 50. Kf1 Kf7 51. Ne2 Rh7 52. Kg2 Rah8 0-1

[Event "Excelsior March FIDE Rating Ladder"]
[Site "Toronto CAN"]
[Date "2023.03.26"]
[Round "4.4"]
[White "Surendran, Siddharth"]
[Black "Bond, Hal"]
[Result "1/2-1/2"]
[WhiteElo "862"]
[BlackElo "1705"]
[PlyCount "106"]
[EventDate "2023.03.25"]
[EventType "swiss"]
[EventRounds "5"]
[EventCountry "CAN"]

1. e4 Nf6 2. Nc3 e5 3. Nf3 Nc6 4. d4 exd4 5. Nxd4 Bc5 6. Nxc6 bxc6 7. Bg5 O-O
8. Qf3 d6 9. Bxf6 Qxf6 10. Qxf6 gxf6 11. Bc4 Be6 12. Bb3 Rad8 13. Na4 Bb4+ 14.
Nc3 d5 15. exd5 cxd5 16. O-O-O c6 17. Ne2 Bc5 18. f3 Rfe8 19. Ng3 Be3+ 20. Kb1
Kg7 21. Rd3 d4 22. Bxe6 fxe6 23. Ra3 Re7 24. Ra6 Rc7 25. Ne4 Rd5 26. c4 dxc3
27. Nxc3 Rd2 28. g3 Kf7 29. Re1 Bb6 30. Re2 Rcd7 31. Kc1 R2d3 32. Kc2 Rxf3 33.
Ra4 Rf2 34. Rxf2 Bxf2 35. Rf4 Be3 36. Rh4 h6 37. Re4 Bg5 38. h4 f5 39. Rc4 Rd2+
40. Kb3 Be3 41. Rxc6 Rg2 42. Rc4 Rxg3 43. Kb4 Rg4 44. Ne2 h5 45. Kc3 Rxc4+ 46.
Kxc4 Bf2 47. Nf4 Bxh4 48. Nxh5 Kg6 49. Nf4+ Kf6 50. b4 Bg3 51. Nh5+ Kg5 52.
Nxg3 Kg4 53. Ne2 f4 1/2-1/2

[Event "Excelsior March FIDE Rating Ladder"]
[Site "Toronto CAN"]
[Date "2023.03.26"]
[Round "5.2"]
[White "Yusuf, Atiba"]
[Black "Dave, Jashank"]
[Result "1-0"]
[WhiteElo "1196"]
[BlackElo "1132"]
[PlyCount "107"]
[EventDate "2023.03.25"]
[EventType "swiss"]
[EventRounds "5"]
[EventCountry "CAN"]

1. e4 e5 2. Nf3 Nc6 3. d4 exd4 4. Bc4 h6 5. Nxd4 Nxd4 6. Qxd4 d6 7. O-O c5 8.
Qd3 Be7 9. Nc3 Nf6 10. Bf4 O-O 11. Rad1 Qb6 12. Bb3 Rd8 13. h3 Be6 14. Nd5 Bxd5
15. exd5 Bf8 16. Qf5 Nd7 17. Rfe1 g6 18. Qd3 Bg7 19. Bc1 Ne5 20. Qf1 Rac8 21.
c4 a5 22. Bc2 Re8 23. b3 Nd7 24. f4 f5 25. Qf3 Qb4 26. Bd2 Rxe1+ 27. Bxe1 Qa3
28. Qe2 Nf8 29. Bb1 a4 30. Rd3 Qc1 31. Rd1 Qxf4 32. Rd3 axb3 33. Rxb3 Bd4+ 34.
Kh1 Re8 35. Bd2 Qf2 36. Qxf2 Bxf2 37. Bf4 Re1+ 38. Kh2 g5 39. Bxd6 f4 40. g4
Bg3+ 41. Kg2 Re2+ 42. Kf3 Rf2+ 43. Ke4 Re2+ 44. Kf5 Bf2 45. Be4 Rxa2 46. Rxb7
Ra6 47. Be5 Rg6 48. d6 Bd4 49. Bd5+ Re6 50. Bxe6+ Nxe6 51. Kxe6 Bxe5 52. Kxe5
f3 53. d7 f2 54. d8=Q# 1-0

[Event "Excelsior March FIDE Rating Ladder"]
[Site "Toronto CAN"]
[Date "2023.03.26"]
[Round "5.3"]
[White "Chen, Sam"]
[Black "Chen, Larry Zhou"]
[Result "1-0"]
[WhiteElo "1375"]
[BlackElo "1112"]
[PlyCount "75"]
[EventDate "2023.03.25"]
[EventType "swiss"]
[EventRounds "5"]
[EventCountry "CAN"]

1. e4 c6 2. d4 d5 3. exd5 cxd5 4. c4 Nf6 5. Nc3 Nc6 6. Bg5 dxc4 7. Bxc4 e6 8.
Nf3 Bd6 9. O-O a6 10. a4 O-O 11. Re1 h6 12. Bxf6 Qxf6 13. Ne4 Qe7 14. Nxd6 Qxd6
15. d5 Qb4 16. Qb3 exd5 17. Bxd5 Rb8 18. Bxf7+ Kh8 19. Qxb4 Nxb4 20. Bg6 Bf5
21. Bxf5 Rxf5 22. Rad1 Rf7 23. Re4 a5 24. Red4 Rc7 25. Rd8+ Rxd8 26. Rxd8+ Kh7
27. Kf1 Rc2 28. Rd2 Rc1+ 29. Ke2 Ra1 30. b3 Ra2 31. Rxa2 Nxa2 32. Kd2 Nb4 33.
Ne5 g5 34. Nc4 Nc6 35. Nd6 Nd8 36. Kd3 Kg6 37. Kc4 Kf6 38. Kb5 1-0

[Event "Excelsior March FIDE Rating Ladder"]
[Site "Toronto CAN"]
[Date "2023.03.26"]
[Round "5.4"]
[White "Valavan, Aaryan"]
[Black "Surendran, Siddharth"]
[Result "1-0"]
[WhiteElo "892"]
[BlackElo "862"]
[PlyCount "143"]
[EventDate "2023.03.25"]
[EventType "swiss"]
[EventRounds "5"]
[EventCountry "CAN"]

1. e4 c5 2. Nf3 e6 3. d4 cxd4 4. Nxd4 a6 5. Bd3 Qc7 6. Nc3 Nf6 7. O-O h6 8. Be3
Be7 9. Re1 Nc6 10. Nf3 O-O 11. Qd2 Ng4 12. Bf4 d6 13. h3 Nf6 14. e5 dxe5 15.
Bxe5 Nxe5 16. Nxe5 Bd6 17. Nf3 Nd5 18. Ne4 Bf4 19. Qe2 f5 20. Ned2 Re8 21. Bxf5
Bd7 22. Bd3 e5 23. Qe4 Nf6 24. Qc4+ Qxc4 25. Bxc4+ Be6 26. Bxe6+ Rxe6 27. g3
Bxd2 28. Nxd2 e4 29. Rad1 Rae8 30. Nc4 Rc8 31. Ne3 Rce8 32. Rd2 R6e7 33. Red1
g6 34. Rd8 Kf7 35. Rxe8 Rxe8 36. Ng4 Nxg4 37. hxg4 e3 38. fxe3 Rxe3 39. Kf2 Re7
40. Rd3 Kf6 41. Kf3 Rf7 42. Rd4 Kg5+ 43. Rf4 Rc7 44. c3 Rd7 45. Rd4 Rf7+ 46.
Ke3 Re7+ 47. Kd2 Rf7 48. Ke2 Re7+ 49. Kd2 Rf7 50. Ke3 Re7+ 51. Kf3 Rf7+ 52. Rf4
Rd7 53. Ke3 Re7+ 54. Kd4 Re2 55. b4 Rxa2 56. Ke3 Ra3 57. Rc4 b5 58. Rc5+ Kf6
59. Kf4 Ra1 60. Rc6+ Kg7 61. g5 Rc1 62. Rc7+ Kh8 63. gxh6 Rf1+ 64. Kg5 Rg1 65.
g4 Kg8 66. Rg7+ Kh8 67. Rxg6 a5 68. bxa5 b4 69. cxb4 Kh7 70. Rg7+ Kh8 71. Rb7
Kg8 72. a6 1-0

[Event "Excelsior March GM Norm"]
[Site "Toronto CAN"]
[Date "2023.03.13"]
[Round "1.1"]
[White "Mikhalevski, Victor"]
[Black "Posthuma, Joshua"]
[Result "1/2-1/2"]
[WhiteElo "2519"]
[BlackElo "2441"]
[PlyCount "123"]
[EventDate "2023.03.13"]
[EventType "tourn"]
[EventRounds "9"]
[EventCountry "CAN"]

1. d4 Nf6 2. c4 a6 3. e3 e6 4. Nc3 d5 5. a3 dxc4 6. Bxc4 b5 7. Ba2 Bb7 8. Nf3
c5 9. O-O Nbd7 10. Qe2 Be7 11. Rd1 Qb6 12. dxc5 Nxc5 13. b4 Nce4 14. Bb2 O-O
15. Nxe4 Bxe4 16. Ng5 Bd5 17. Qd3 Rfd8 18. Bxf6 Bxf6 19. Qxh7+ Kf8 20. Bxd5
Bxa1 21. Qh8+ Ke7 22. Qh5 g6 23. Qf3 Bf6 24. Nxe6 fxe6 25. Bxa8 Rxd1+ 26. Qxd1
Bb2 27. g3 Qd8 28. Qb3 Qd2 29. Bb7 g5 30. Kg2 Qc3 31. Qd1 Bxa3 32. Qh5 Qf6 33.
Qh7+ Qf7 34. Qc2 Bxb4 35. Bxa6 Qf5 36. Qc7+ Kf6 37. Qd8+ Be7 38. Qd4+ Kf7 39.
Bb7 b4 40. Be4 Qf6 41. Qd1 Kg7 42. Bc2 Qc3 43. Bb3 Kf6 44. Kh3 Qe5 45. Bc2 Qc5
46. Kg4 Qc4+ 47. Kh5 Kg7 48. f4 Qc5 49. Kg4 Qxe3 50. fxg5 Qxg5+ 51. Kh3 Kh6 52.
Bb3 Qf5+ 53. Kg2 Qe4+ 54. Kh3 Qf5+ 55. Kg2 Qe4+ 56. Qf3 Qxf3+ 57. Kxf3 e5 58.
Ke4 Bc5 59. Kxe5 Bg1 60. h4 Bh2 61. Kf4 Bxg3+ 62. Kxg3 1/2-1/2

[Event "Excelsior March GM Norm"]
[Site "Toronto CAN"]
[Date "2023.03.13"]
[Round "2.1"]
[White "Posthuma, Joshua"]
[Black "Sambuev, Bator"]
[Result "1-0"]
[WhiteElo "2441"]
[BlackElo "2434"]
[PlyCount "129"]
[EventDate "2023.03.13"]
[EventType "tourn"]
[EventRounds "9"]
[EventCountry "CAN"]

1. d4 Nf6 2. c4 e6 3. g3 d5 4. Bg2 c6 5. Nf3 dxc4 6. Ne5 Bb4+ 7. Nc3 Nd5 8. O-O
O-O 9. Qc2 Nd7 10. Nxc4 N5b6 11. Ne3 Nf6 12. Rd1 Qe7 13. f4 Bd7 14. a3 Bd6 15.
b4 a5 16. bxa5 Rxa5 17. Rb1 Ra6 18. Ne4 Nxe4 19. Bxe4 c5 20. Bxb7 Ba4 21. Qe4
Ra7 22. Rxb6 Bxd1 23. Nxd1 cxd4 24. Ba6 Bc5 25. Bd3 g6 26. Rb3 Rd8 27. Nf2 Bxa3
28. Bxa3 Rxa3 29. Rb7 Ra1+ 30. Kg2 Rd7 31. Qxd4 Rxd4 32. Rxe7 Rda4 33. Rc7 Ra7
34. Rc8+ Kg7 35. g4 h6 36. h4 Ra8 37. Rc6 R8a4 38. Kf3 Rg1 39. Rc7 Rf1 40. g5
hxg5 41. hxg5 Rfa1 42. Ne4 Ra7 43. Rc8 Ra8 44. Rc6 R1a7 45. Nf6 Kf8 46. Ng4 Kg7
47. Ne5 Kg8 48. Nxg6 fxg6 49. Rxe6 Ra4 50. Rxg6+ Kf7 51. Rh6 Rd8 52. f5 Rdd4
53. Rh7+ Kg8 54. Rc7 Rf4+ 55. Ke3 Rg4 56. g6 Rg3+ 57. Kf2 Rgg4 58. Kf3 Raf4+
59. Ke3 Rf1 60. Bc4+ Kf8 61. Rf7+ Kg8 62. Be6 Rg3+ 63. Kd4 Re1 64. Ke5 Rxe2+
65. Kf6 1-0